Logo BPK

Biblioteka

Politechniki Koszalińskiej

Kierunki zwiększenia innowacyjności gospodarki : (Rekord nr 55101)

Szczegóły MARC
000 -ETYKIETA REKORDU
podpole kontrolne o stałej długości 00992nam a2200241 i 4500
001 - NUMER KONTROLNY REKORDU
pole kontrolne bg
040 ## - ŹRÓDŁO KATALOGOWANIA
Instytucja, która utworzyła rekord BPK
041 0# - KOD JĘZYKA
Kod języka tekstu pol
-- eng
044 ## - KOD KRAJU WYDAWCY/PRODUCENTA
Kod kraju wydawcy/producenta POL
080 ## - UNIWERSALNA KLASYFIKACJA DZIESIĘTNA - UKD
UKD 338.22:005.342](438)"2001/..."
008 - POLE O STAŁEJ DŁUGOŚCI - DANE KONTROLNE
podpole kontrolne o stałej długości s pl f |000 0 pol
245 10 - TYTUŁ/ODPOWIEDZIALNOŚĆ
Tytuł Kierunki zwiększenia innowacyjności gospodarki :
Ciąg dalszy tytułu na lata 2007-2013 /
Pozostałe elementy strefy tytułu i oznaczenia odpowiedzialności Ministerstwo Gospodarki.
260 ## - STREFA ADRESU WYDAWNICZEGO
Miejsce wydania Warszawa :
Nazwa wydawcy/dystrybutora Ministerstwo Gospodarki Departament Rozwoju Gospodarki,
Data publikacji, dystrybucji/powstania dokumentu 2006.
300 ## - STREFA OPISU FIZYCZNEGO
Objętość 117, 117 s. :
Inne cechy fizyczne il. ;
Rozmiary 24 cm.
500 ## - UWAGI OGÓLNE
Tekst uwagi Liczbowanie stron w kierunku przeciwnym.
501 ## - UWAGA DOTYCZĄCA PRAC WSPÓŁWYDANYCH
Tekst uwagi Współwydane w kierunku przeciwnym: Strategy for increasing the innovativeness of the economy : in the 2007-2013 years.
546 ## - UWAGA O JĘZYKU
Uwaga o języku Tekst pol. i ang.
650 #9 - HASŁO PRZEDMIOTOWE W FORMIE NAZWY OGÓLNEJ LUB JEDNOSTKOWEJ
Nazwa ogólna lub geograficzna Innowacje
Określnik ogólny polityka
Określnik geograficzny Polska
Określnik chronologiczny od 2001 r.
650 #9 - HASŁO PRZEDMIOTOWE W FORMIE NAZWY OGÓLNEJ LUB JEDNOSTKOWEJ
Nazwa ogólna lub geograficzna Innowacje
Określnik ogólny planowanie
Określnik geograficzny Polska
Określnik chronologiczny od 2001 r.
710 1# - HASŁO DODATKOWE - NAZWA CIAŁA ZBIOROWEGO
Nazwa ciała zbiorowego lub jednostki geograficznej Polska.
Nazwa jednostki podrzędnej Ministerstwo Gospodarki
740 02 - HASŁO DODATKOWE - TYTUŁ DOKUMENTU ZWIAZANEGO/TYTUŁ PRACY WSPÓŁWYDANEJ
Tytuł Strategy for increasing the innovativeness of the economy in the years 2007-2013
856 ## - LOKALIZACJA I DOSTĘP DO ELEKTRONICZNYCH DOKUMENTÓW ZDALNYCH
Link (URL) http://koha.tu.koszalin.pl/cgi-bin/koha/opac-detail.pl?biblionumber=55101
Tekst linku Katalog online BPK
942 ## - DODATKOWE ELEMENTY (KOHA)
Typ dokumentu Książka
Egzemplarze
Wycofany Status egzemplarza Uszkodzony Dostępność Lokalizacja stała Lokalizacja bieżąca Miejsce przechowywania Sygnatura Kod kreskowy Dział Typ dokumentu
      Tylko na miejscu Biblioteka Politechniki Koszalińskiej Biblioteka Politechniki Koszalińskiej Czytelnia Wydziałowa ul. Kwiatkowskiego 6e 87694 02426877 338.2 Polityka gospodarcza Książka
© 2023 Biblioteka Politechniki Koszalińskiej :: KOHA